Heidi / (Registro nro. 6954)

Detalles MARC
000 -LEADER
fixed length control field 00713nam a22002297a 4500
003 - CONTROL NUMBER IDENTIFIER
control field OSt
005 - DATE AND TIME OF LATEST TRANSACTION
control field 20250612113156.0
008 - FIXED-LENGTH DATA ELEMENTS--GENERAL INFORMATION
fixed length control field 201022t1973 sp a|||br|||| 00| f spa d
020 ## - INTERNATIONAL STANDARD BOOK NUMBER
International Standard Book Number 8424304659
040 ## - CATALOGING SOURCE
Original cataloging agency CO-JMCO
Transcribing agency CO-JMCO
041 0# - LANGUAGE CODE
Language code of text/sound track or separate title spa
082 04 - DEWEY DECIMAL CLASSIFICATION NUMBER
Classification number J-N
Item number SPYh1
Edition number 23
100 1# - MAIN ENTRY--PERSONAL NAME
Personal name Spyri, Johanna,
Relator term autora
9 (RLIN) 11799
245 10 - TITLE STATEMENT
Title Heidi /
Statement of responsibility, etc. J. Spyri
260 ## - PUBLICATION, DISTRIBUTION, ETC.
Place of publication, distribution, etc. Bilbao :
Name of publisher, distributor, etc. Ediciones Laida,
Date of publication, distribution, etc. ©1973
300 ## - PHYSICAL DESCRIPTION
Extent 128 páginas :
Other physical details ilustraciones a blanco y negro ;
Dimensions 20 cm.
490 0# - SERIES STATEMENT
Series statement Colección clásica juvenil ;
Volume/sequential designation 11
650 14 - SUBJECT ADDED ENTRY--TOPICAL TERM
Topical term or geographic name entry element Cuentos infantiles suizos
Chronological subdivision Siglo XIX
9 (RLIN) 11802
650 14 - SUBJECT ADDED ENTRY--TOPICAL TERM
Topical term or geographic name entry element Literatura infantil suiza
Chronological subdivision Siglo XIX
9 (RLIN) 11802
650 24 - SUBJECT ADDED ENTRY--TOPICAL TERM
Source of heading or term Libros y lectura para niños
942 ## - ADDED ENTRY ELEMENTS (KOHA)
Source of classification or shelving scheme Dewey Decimal Classification
Koha item type Books
Existencias
Withdrawn status Lost status Source of classification or shelving scheme Damaged status Not for loan Collection code Home library Current library Date acquired Source of acquisition Full call number Barcode Date last seen Copy number Price effective from Koha item type Public note
    Dewey Decimal Classification     Fiction Biblioteca Pública José María del Castillo y Rada Biblioteca Pública José María del Castillo y Rada 10/02/2020 Donación J-N SPYh1 201810031 10/22/2020 Ej.1 10/22/2020 Books Manchas de acidez en borde de las hojas.